Statystyki dla Quiz dla Fanów Gothica

Kliknij tutaj aby rozwiązać quiz!

Ogólne statystyki

  • Ten quiz został rozwiązany 436 razy
  • Średni wynik to 16 z 40

Statystyki odpowiedzi

OpisPostać% Poprawnych
Najlepszy przyjaciel protagonisty. Znamy go od początków gry.Diego
99%
Główny protagonistaBezimienny
98%
Natarczywy mieszkaniec Starego ObozuWrzód
76%
Jest odpowiedzialny za pole ryżowe znajdujące się obok tamyRyżowy Książę
71%
Przewodzi straży w Starym ObozieThorus
66%
Na samym początku gry, wykonuje tzw. „chrzest wody”Bullit
65%
Martwa postać występująca w Gothic. Jest to strażnik ze Starego ObozuNek
65%
Cień, który jest członkiem Starego Obozu oraz doskonałym myśliwym, sam robi łuki oraz strzały, a także może nauczyć protagonistę skradania się oraz umiejętności strzelania z łukuCavalorn
63%
Arcymag wody i jeden z dwunastu magów biorących udział w tworzeniu magicznej bariery nad Górniczą DolinąSaturas
63%
Jest magiem wody, znanym również jako Strażnik RudyCronos
57%
Kartograf w Starym ObozieGraham
55%
Szkodnik uczący akrobatyki w Nowym ObozieBuster
54%
Jest jednym z najbardziej wpływowych cieni w Starym Obozie. Jest zarządcą areny i obstawia walkiScatty
54%
Prowadzi sklepik z bagiennym zielem pod laboratorium Cor KalomaFortuno
53%
Jest kopaczem, ale pracuje jako kowalHuno
53%
Ork wykonujacy dla nas Ulu-MuluTarrok
53%
Jest hutnikiem pracującym w Starej Kopalni.Wąż
48%
Jest przywódcą małej grupy bandytów.Quentin
45%
Mieszka w swojej chacie na drodze do Nowego Obozu (Szkodnik)Aidan
37%
Ulubiona kobieta Gomeza występująca w Gothic.Velaya
37%
Był żeglarzem. Brał udział w buncie na królewskim statku, który zakończył się fiaskiem. W związku z tym został uwięziony i trafił do kolonii.Torlof
35%
Baal spotykany w Cmentarzysku OrkówBaal Lukor / Lukor
33%
Po stworzeniu bariery przebywał w siedzibie magów ognia w Starym Obozie. Handlował magicznymi zwojami, uczył zwiększenia manyTorrez
32%
Pustelnik, dawny członek Starego Obozu, z którego postanowił uciec.Gilbert
31%
Kiedyś pracował u Ryżowego Księcia przy zbieraniu ryżu, lecz potem zajął się wytwarzaniem ryżówki w karczmie na jeziorzeJeremiasz
30%
Przebywa na placu świątynnym w obozie bractwa. Jest posłańcem guruTalas
29%
Jeden z nowicjuszy, mieszka w obozie bractwa. Jako pierwszy stał się ofiarą opętania przez ŚniącegoNyras
22%
Stoi przed kwaterami strażników. Opowiada protagoniście o lochach i wielkim buncieSiekacz
22%
Jest to przywódca strażników przebywających na dolnym poziomie Starej Kopalni.Asghan
21%
Głosi nauki Śniącego na dziedzińcu przed Świątynią w obozie na BagnieBaal Tyon / Tyon
21%
Nie przebywa wśród innych, lecz ukrywa się w starej chacie na środku bagna.Shrat
21%
Jest to bandyta nielegalnie wytwarzający bagienne ziele.Jacko
17%
Jest jedną z dwóch kobiet Jaśnie Oświeconego Mistrza Y'Beriona.Natalia
15%
Jest prawą ręką Corristo. Cały dzień trenuje zaklęcia na górze świątyni, a w nocy stoi na swoim miejscu w pentagramieDrago
12%
Pilnuje składowiska w pobliżu głównego szybu. W starej KopalniUlbert
12%
Nadzoruje zbieranie bagiennego ziela na bagnieViran
10%
Cień i handlarz przebywający w Starej KopalniSantino
9%
Całymi dniami pilnuje, aby węże błotne nie dostały się do obozu na BagnachGor Na Ran / Ran
8%
Jest kucharzem w zamku magnatów w Starym Obozie.Omid
8%
Pracuje, krusząc rudę na najniższym poziomie kopalni. Opowiada protagonisty o pracującym nieopodal orku niewolniku, który próbował ucieczkiGarp
4%

Rozkład punktacji

Percentyl według liczby udzielonych odpowiedzi

Procent ludzi z każdym wynikiem

Twoja historia wyników

Nie rozwiązałeś tego quizu